NBA pour les vrais - Statistiques

Statistiques générales
  • Ce quiz a été pris 3 277 fois
  • Le résultat moyen est 11 sur 20
Statistiques - réponses
Questions Réponses % Correct
Quel est le mvp 2013-2014? Kevin Durant
83%
Combien de fois Pippen a-t-il gagné le titre de DPOY (defensive player of the year) ? 0
80%
Qui détient le record de 3 points inscrits dans une match de NBA finals? Steph Curry
75%
Quel joueur a inscrit 48 points lors du game 1 des finales 2001? Allen Iverson
74%
Qui a marqué le plus de tir à 3 points dans l'histoire de la nba? Ray Allen
71%
Quel était le prénom du père de Steph Curry? Dell
69%
Quel joueur était suspendu lors du game 5 des nba finals 2016? Draymond Green
69%
Quel joueur a gagné 7 titres consécutifs de meilleur rebondeur de 1992 à 1998? Dennis Rodman
68%
Quel était le surnom des Washington Wizards avant qu'ils changent de nom? Bullets
67%
Quel joueur est surnommé "Point God"? Chris Paul
59%
Quel joueur a pris le plus de rebonds dans l'histoire? Wilt Chamberlain
56%
Quel est le bilan de Lebron en finales? (Ecrire "nb de victoires - nb de défaites" ) 3 - 6
47%
Quel joueur a la record de fautes techniques sur une saison? Rasheed Wallace
47%
Mis à part tous les joueurs des Celtics des années 60, quel est le joueur nba le plus titré? (c'est à dire le joueur le plus titré qui n'a jamais joué pour les celtics) Robert Horry
43%
Combien de fois Steve Kerr a-t-il été champion en tant que joueur et entraineur? (Ecrire "Sacres en tant que joueurs - Sacres en tant que coach") 5 - 3
41%
Quelle équipe a eu le meilleur bilan de la Conférence Est en 2015 et s'est ensuite fait sweepée par les cavs en playoffs? (nom et surnom) Atlanta Hawks
38%
Curry détient le record du nombre de 3 points inscrits sur une saison, mais avec combien de réussites derrière l'arc? 402
28%
Quel joueur est sunrommé "the White Mamba" Brian Scalabrine
25%
Qui Tyron Lue a-t-il remplacé en tant que coach des cavs en 2016? David Blatt
22%
Curry a le record du nombre de matchs consécutifs avec au moins un 3 point. Quel est ce nombre? 128
4%
Aucun quiz correspondant
Distribution des résultats
% des personnes avec chaque résultat
Percentile par nombre de réponses
Votre historique - résultats
Vous n’avez pas pris ce quiz